| 000 | 00972nam a22002177a 4500 | ||
|---|---|---|---|
| 999 |
_c21246 _d21246 |
||
| 003 | AR-CdUCM | ||
| 008 | 190327b ||||| |||| 00| 0 spa d | ||
| 040 |
_aMUNICIPALIDAD PROVINCIAL DEL CUSCO _cBIBLIOTECA MUNICIPAL DEL CUSCO |
||
| 082 |
_a658.41/C46 _bC46 |
||
| 110 |
_aCentro Guaman Poma de Ayala _920511 |
||
| 245 |
_aManual de incubación de emprendimientos del centro Cusco Emprende : _bdiseño de estrategias para la implementación de propuestas de apoyo al emprendimiento basado en un estudio de caso / |
||
| 260 |
_aCusco ; _bAlpha, _c2018. |
||
| 300 |
_a142 Páginas. : _bilustraciones en color ; _c21 cm. |
||
| 505 | _aContenido: Proyecto Cusco Emprende -- El emprendimiento concepto y evolución -- Estudio y emprendimiento a nivel mundial ... | ||
| 650 |
_aPlanificación _96254 |
||
| 650 |
_aEmprendimiento _944382 |
||
| 650 |
_aPlanificación empresarial _924882 |
||
| 650 |
_aPlanificación estratégica _912711 |
||
| 942 |
_2ddc _cLIBROS |
||
| 945 | _aRoel | ||